000 00553cab a2200193 4500
001 WB2337-01
008 090401t1987 xxu||||| |||| 00| 0 eng d
035 _a(Sirsi) u464
041 _aeng
245 _aBuying a house at auction
260 _c1987
350 _a0
490 _aGuardian
_v12/9/87 p30
520 _aAimed at the layman, the article discusses the advantages and disadvantages of buying and selling residential property at auction.
650 _aHOUSE PURCHASE
690 _aAuctioneering
_96218
942 _n0
948 _c04/03/1997
999 _c199
_d199